| 000 | 00504cam a2200193ua 4500 | ||
|---|---|---|---|
| 001 | 4067 | ||
| 008 | 140822n ii |||gr||||Z||||||eng | ||
| 020 | _a81-7154-260-9 | ||
| 040 | _cMAIN | ||
| 082 | _a366 | ||
| 100 | _aPrabhu, Pandharinath H., | ||
| 245 |
_aHindu social organization _cby Pandharinath H. Prabhu |
||
| 250 | _a10th. | ||
| 260 |
_aMumbai: _bPopular prakashan pvt. ltd., _c2006. |
||
| 300 |
_a389p: _c23cm. |
||
| 653 | _aAssociations | ||
| 653 | _aHindu social organization | ||
| 942 | _cBK | ||
| 999 |
_c3889 _d3889 |
||